000 00499nam a22001937a 4500
003 MPLRDC
005 20220104160214.0
008 210129b ||||| |||| 00| 0 eng d
020 _a7-80520-032-7
082 _a857.49 CXQ-18
100 _a曹雪芹、高鹗著
245 _a红楼梦
_c
250 _a一版24刷
260 _a中国
_b岳丽书社
_c1997
300 _b
490 _a古典名著普及文库
650 _a话本小说及章回--红楼梦
942 _cBK
_o857.49 CXQ-18
999 _c54865
_d54855